| 000 | 00698cab a2200253 4500 | ||
|---|---|---|---|
| 001 | ABS56929 | ||
| 008 | 090401t1997 xxu||||| |||| 00| 0 eng d | ||
| 035 | _a(Sirsi) u78121 | ||
| 041 | _aeng | ||
| 100 | _aMacneil, J. | ||
| 245 | _aFast from the blast | ||
| 260 | _c1997 | ||
| 350 | _a0 | ||
| 490 |
_aBuilding _v262(7987) 25 April 1997, 64-67(4) |
||
| 520 | _aReports on Manchester`s progress in rebuilding the city centre following the IRA bomb attack in June 1996. Plans. | ||
| 650 | _aARNDALE SHOPPING CENTRE | ||
| 650 | _aBOMB DAMAGE | ||
| 650 | _aIRA BOMB | ||
| 650 | _aMANCHESTER | ||
| 650 | _aREDEVELOPMENT | ||
| 690 | _aURBAN RENEWAL | ||
| 942 | _n0 | ||
| 948 | _c01/05/1997 | ||
| 999 |
_c49155 _d49155 |
||